| 000 | 00449nam a22001817a 4500 | ||
|---|---|---|---|
| 005 | 20260204131522.0 | ||
| 008 | 260204b |||||||| |||| 00| 0 eng d | ||
| 020 |
_a9789388902939 _c750.00 |
||
| 040 | _aMAIN | ||
| 041 | _aEnglish | ||
| 082 |
_a363.74 _bPOL |
||
| 100 |
_aPolak, K.J. _926183 |
||
| 245 | _aNoise pollution and its control | ||
| 260 |
_aNew Delhi _bCBS _c2019 |
||
| 300 | _a557 | ||
| 650 |
_aEnvironment Science _9310 |
||
| 942 | _cBK | ||
| 999 |
_c60223 _d60223 |
||